000 00564nam a2200229Ia 4500
003 OSt
005 20221005132045.0
006 a|||||r|||| 00| 0
007 ta
008 221004b |||||||| |||| 00| 0 tel d
024 _a61325
037 _cTextual
040 _aCRL
_cCRL
_btel
041 _2tel
_atel
082 _aO35,3NRAx, 33K7
100 _aRajaratam Au.
_9630532
245 0 _aTenalirama
260 _c1967
650 _aKANNAD FICTION
942 _hO35,3NRAx, 33K7
_cTEXL
_2cc
999 _c1062321
_d1062321